00965cam a2200277 a 450000100060000000300100000600500170001600700030003300800410003602000150007704000260009208200140011808400060013210000370013824502060017525000180038130000260039933600270042533700330045233800280048550400270051365000400054065000310058070000380061170000380064960183CO-BoRNBP20251212213841.0ta060125s2005 ck a g 00 spa  a9589342213 aCO-BoBNbspacCO-BoBN04a028.8220 a01 aRodríguez Rodríguez, Claudia10aLeamos con nuestros hijos :bguía para padres con niños de 0 a 6 años /c[investigación y textos Claudia Rodríguez Rodríguez y María Cristina Rincón Rivera ; Ivar Da Coll ilustraciones] a1a. edición a39 p. :bil. ;c20 cm 2rdacontentatextobtxt 2rdamediaasin mediaciónbn 2rdacarrieravolumenbnc aBibliografía: p. 39.19aLibros y lectura para niños2LEMB19aHábitos de lectura2LEMB1 aRincón Rivera, María Cristina1 aColl, Ivar da,d1962-eilustrador